000 00319nam a22001337a 4500
008 180903b xxu||||| |||| 00| 0 eng d
020 _a071831006998
041 _aeng
080 _a038
100 _a23
101 _aFJA
245 _aThe oxford Dictionary of American Usage and Style
_cGarner, B.A
942 _2udc
_cBK
999 _c47469
_d47469